MARC

LEADER 00000nam0a2200000 4500
001 316649
005 20231102002909.0
035 |a (RuTPU)RU\TPU\book\342100 
090 |a 316649 
100 |a 20160325d1955 km y0rusy50 ca 
101 0 |a rus 
102 |a RU 
105 |a c z 001zy 
200 1 |a Т. Ф. Осиповский - выдающийся русский ученый и мыслитель  |f И. Н. Кравец  |g Академия наук СССР (АН СССР), Институт философии (ИФ) 
210 |a Москва  |c Изд-во АН СССР  |d 1955 
215 |a 104 с.  |c портр. 
320 |a Библиогр.: с. 100-103 
600 1 |a Осиповский  |b Т. Ф.  |c российский просветитель, писатель, математик, астроном  |f 1765-1832  |g Тимофей Федорович  |2 stltpush  |3 (RuTPU)RU\TPU\pers\14482  |9 4811 
606 1 |a Учёные  |2 stltpush  |3 (RuTPU)RU\TPU\subj\63498  |9 80522 
610 1 |a естествознание 
610 1 |a теория познания 
610 1 |a атеизм 
610 1 |a материализм 
610 1 |a персоналии 
610 1 |a биографии 
686 |a Ч216  |v LBC/SL-A  |2 rubbk 
700 1 |a Кравец  |b И. Н. 
712 0 2 |a Академия наук СССР (АН СССР)  |b Институт философии (ИФ)  |2 stltpush  |3 (RuTPU)RU\TPU\col\11338 
801 1 |a RU  |b 63413507  |c 20160325 
801 2 |a RU  |b 63413507  |c 20200702  |g RCR 
942 |c BK